BAŞARI OKULU (Record no. 731371)

MARC details
000 -LEADER
sabit uzunluktaki kontrol alanı 00230nam a2200097Ia 4500
001 - KONTROL NUMARASI
kontrol alanı 731371
005 - EN SON İŞLEMİN TARİH VE ZAMANI
kontrol alanı 20250826163733.0
008 - SABİT-UZUNLUKTA VERİ ÖĞELERİ--GENEL BİLGİ
sabit uzunluktaki kontrol alanı 250824s9999 xx 000 0 und d
245 #0 - ESER / YAZAR
ESER ADI BAŞARI OKULU
Yazar Adı ÖZGÜR GEZ
260 ## - YAYIN, DAĞITIM, VB.
YAYIN EVİ ATLI KARINCA
Holdings
Düşüm durumu Kayıp durumu Hasar Durumu Ödünç verilmez Ana kütüphane Geçerli Kütüphane Edinilen tarih Toplam ödünç verme sayısı Barkod Son görüntüleme tarihi Son ödünç verme tarihi Fiyatın geçerli olmaya başladığı tarih Koha materyal türü
        100. YIL AHMET HAŞHAŞ ORTAOKULU 100. YIL AHMET HAŞHAŞ ORTAOKULU 24.08.2025 1 10033094 11.03.2026 06.01.2026 26.08.2025 Books